Olympics Host Cities - Summer & Winter - Statistics

General Stats
  • This quiz has been taken 34 times
  • The average score is 41 of 60
Answer Stats
Year City % Correct
1896 Athens
97%
2004 Athens
97%
1956 Melbourne/Stockholm
97%
1900 Paris
97%
1924 Paris
97%
2024 Paris
97%
2008 Beijing
93%
2022 Beijing
93%
1908 London
93%
1944 London
93%
1948 London
93%
2012 London
93%
1912 Stockholm
93%
1940 Tokyo
93%
1964 Tokyo
93%
2020 Tokyo
93%
1916 Berlin
90%
1936 Berlin
90%
2000 Sydney
90%
1992 Barcelona
87%
1972 Munich
80%
1952W Oslo
80%
1928 Amsterdam
77%
1932 Los Angeles
77%
1984 Los Angeles
77%
1980 Moscow
77%
1960 Rome
77%
1988 Seoul
77%
1968 Mexico City
73%
2014 Sochi
73%
1904 St. Louis
73%
1996 Atlanta
67%
1964W Innsbruck
67%
1976W Innsbruck
67%
1932W Lake Placid
67%
1980W Lake Placid
67%
1976 Montreal
67%
2010 Vancouver
67%
1920 Antwerp
60%
2002 Salt Lake City
60%
2006 Turin
60%
1944W Cortina
57%
1984W Sarajevo
57%
1988W Calgary
53%
2018 Pyeongchang
53%
1924W Chamonix
50%
1928W St. Moritz
50%
1948W St. Moritz
50%
1968W Grenoble
43%
1994 Lillehammer
43%
1940W Sapporo
43%
1972W Sapporo
43%
1936W Garmisch
40%
1992W Albertville
37%
1998 Nagano
37%
1960W Squaw Valley
33%
2016 Rio de Janiero
17%
1956W Milan Cortina d'Ampezzo
13%
2026 Milan Cortina d'Ampezzo
13%
1952 Helinski
3%
No matching quizzes found
Score Distribution
Percent of People with Each Score
Percentile by Number Answered
Your Score History
You have not taken this quiz